header

Six tragedies (Record no. 218910)

MARC details
000 -LEADER
fixed length control field 01509nam a2200373 a 4500
100 1# - MAIN ENTRY--AUTHOR NAME
Personal name Seneca, Lucius Annaeus,
245 10 - TITLE STATEMENT
Title Six tragedies
260 ## - PUBLICATION, DISTRIBUTION, ETC. (IMPRINT)
Place of publication Oxford :
Name of publisher Oxford University Press,
Year of publication c2010.
300 ## - PHYSICAL DESCRIPTION
Number of Pages xxxvi, 240 p. :
Other physical details ill.
490 1# - SERIES STATEMENT
Series statement Oxford world's classics
650 #0 - SUBJECT ADDED ENTRY--TOPICAL TERM
Topical Term Mythology, Classical
Topical Term Thyestes (Greek mythology)
Topical Term Phaedra (Greek mythology)
Topical Term Oedipus (Greek mythology)
700 1# - ADDED ENTRY--PERSONAL NAME
Personal name Wilson, Emily.
856 40 - ELECTRONIC LOCATION AND ACCESS
Uniform Resource Identifier http://site.ebrary.com/lib/rucke/Doc?id=10365183

No items available.

© 2026 Rongo University
Contact us: librarian | system librarian | Rongo university